| Tag |
First Indicator |
Second Indicator |
Subfields |
| LEADER |
00000cam a2200000 4500 |
| 001 |
in00000038135 |
| 005 |
20151007080842.0 |
| 008 |
750807s1961 eng u |
| 010 |
|
|
|a 61013873
|
| 035 |
|
|
|a (OCoLC)01522387
|
| 035 |
|
|
|9 AAF5482AM
|
| 040 |
|
|
|c CWR
|d TXA
|d UtOrBLW
|
| 049 |
|
|
|a TXAM
|c [352764]
|
| 050 |
0 |
0 |
|a HT690.G7
|b S5 1961
|
| 082 |
0 |
|
|a 301.441
|
| 092 |
|
|
|a 301.441
|b S613w
|
| 100 |
1 |
|
|a Simpson, Alan,
|d 1948 September 20-
|
| 245 |
1 |
4 |
|a The wealth of the gentry, 1540-1660 ;
|b East Anglian studies.
|
| 264 |
|
1 |
|a [Chicago] :
|b University of Chicago Press,
|c 1961.
|
| 300 |
|
|
|a vii, 225 pages :
|b tables. ;
|c 24 cm.
|
| 336 |
|
|
|a text
|b txt
|2 rdacontent
|
| 337 |
|
|
|a unmediated
|b n
|2 rdamedia
|
| 338 |
|
|
|a volume
|b nc
|2 rdacarrier
|
| 504 |
|
|
|a Bibliographical footnotes.
|
| 650 |
|
0 |
|a Gentry
|z Great Britain.
|
| 999 |
|
|
|a MARS
|
| 999 |
f |
f |
|s ebd85e3f-ac9c-3b5d-a7e9-0c51d0aa7b00
|i ff0a2ec8-5aa6-35c2-8f0e-a481827ec86e
|t 0
|
| 952 |
f |
f |
|p ric
|a Texas A&M University
|b Rellis Campus
|c Joint Library Facility
|d Remote Storage
|t 0
|e HT690.G7 S5 1961
|h Library of Congress classification
|i unmediated -- volume
|m A14800643237
|
| 998 |
f |
f |
|a HT690.G7 S5 1961
|t 0
|l Remote Storage
|